| 000 | 00737nam a22002057a 4500 | ||
|---|---|---|---|
| 999 |
_c15175 _d15175 |
||
| 003 | OSt | ||
| 082 | _2631.587 ARJ/DE | ||
| 088 | _aP 197 | ||
| 100 |
_aARJUN GOPAKUMAR _93419 |
||
| 245 | _aDesign, development and evaluation of a sullage treatment system | ||
| 260 |
_aTavanur 2009 _bKelappaji College of Agricultural Engineering and Technology |
||
| 300 | _a65 | ||
| 500 | _aDesign, development and evaluation of a sullage treatment system | ||
| 520 | _aDesign, development and evaluation of a sullage treatment system | ||
| 700 |
_aShajeer A. K. P _93420 |
||
| 700 |
_aSoumya Rani T _93421 |
||
| 700 |
_aEr. Asha Joseph (Guide) _93373 |
||
| 856 | _uhttps://drive.google.com/open?id=1rUxx6LjiNUMetv1eMnRG6ucEXKJf57Hi | ||
| 942 | _cPR | ||